000 00637nam a22002297a 4500
003 UA-OsUOA
001 100166
007 ta
008 20130522b un ||||| |||| 00| 0 ukr d
100 _aТолстой Л.
090 _a821.161.1
_bТ530
942 _cBK
040 _aUA-OsUOA
_brus
_cUA-OsUOA
_dUA-OsUOA
245 _aКазаки
_bкавказкая повесть
300 _a190 с.
955 _a3
041 _arus
080 _a821.161.1
260 _aМ.
_bХудожественная литература
_c1977
650 7 _a82 Література. Літературознавство
_2UDC
999 _c386404
_d386404